Normal view
MARC view
Entry Nombre de reunión
001 - NÚMERO DE CONTROL
- campo de control: 57437
003 - IDENTIFICADOR DEL NÚMERO DE CONTROL
- campo de control: OSt
005 - FECHA Y HORA DE LA ÚLTIMA TRANSACCIÓN
- campo de control: 20200615034902.0
008 - DATOS DE LONGITUD FIJA
- campo de control de longitud fija: 200615|| aca||aabn | a|a d
040 ## - FUENTE DE LA CATALOGACIÓN
- Centro catalogador/agencia de origen: OSt
- Centro/agencia transcriptor: OSt
111 ## - ENCABEZAMIENTO--NOMBRE DE CONGRESO/REUNIÓN
- Nombre de congreso/reunión o jurisdicción como elemento de entrada: Conferencia dictada por el Dr. Fenando Sánchez Martínez, rector de la Universidad Autónoma de Santo Domingo
- Fecha del congreso/reunión: (1984:
- Sede del congreso/Lugar de la reunión: Moca
- Número del congreso/reunión o número de parte o sección: 28 de septiembre )
670 ## - FUENTE DE DATOS ENCONTRADOS
- Cita de la fuente: Work cat.: (OSt)30410: Conferencia dictada por el Dr. Fenando Sánchez Martínez, rector de la Universidad Autónoma de Santo Domingo (1984: Moca 28 de septiembre ), Médicos sobresalientes de Moca., 1984.
